LEADER 01137nam a2200241 4500 001 000000333224 003 CaOOAMICUS 005 20200930152551.0 008 190402s1933 it 000 u ita r 040 $aSeMil$bita 245 10$aTesti medioevali inediti :$bAlcuino, Avendanth, Raterio, S. Anselmo, Abelardo, Incertus auctor /$ca cura di Carmelo Ottaviano. 264 1$aFirenze :$bLeo S. Olschki,$c1933. 300 $aX, 234 p. ;$c31 cm 500 $aEsemplare n. 327 di edizione numerata 650 4$aFilosofia medievale - Testi.$0(OLS)http://semarc/subject/6580 700 1 $aOttaviano, Carmelo,$d<1906-1980>.$0(OLS)http://semarc/name/91222 830 0$aFontes ambrosiani ;$v3.$0(OLS)http://semarc/title/41798 850 $aSeMil 852 $aSeMil$W1$xVenegono$y1$m2P VI 579$j222496$B225358$CSeMilBibl$Z2$F225358 $81 961 $aBrambilla don Paolo - Omaggio 996 $6245$aTesti medioevali inediti :$bAlcuino, Avendanth, Raterio, S. Anselmo, Abelardo, Incertus auctor$9(OLS)http://semarc/title/422488 996 $6264$aFirenze :$bLeo S. Olschki$9(OLS)http://semarc/publisher/29957 LEADER 01066nam a2200241 i 4500 001 000000230557 003 CaOOAMICUS 005 20140611000000.0 008 140611n it u000 u ita u 013 $a209459 040 $aSeMil$bita 100 1 $aLombardi, Gabrio ,$d<1913-1994>.$0(OLS)http://semarc/name/8589 245 10$aFederico Ozanam :$bnel 150. anniversario della nascita /$cGabrio Lombardi. 260 $a[Italia] :$bSegretariato Nazionale [della Società di San Vincenzo],$c[196-?] 300 $a40 p. ;$c22 cm. 500 $aFondo card. Giovanni Colombo. 600 14$aOzanam, Antoine-Frédéric .$0(OLS)http://semarc/subject/9793 850 $aSeMil 852 $aSeMil$W1$xVenegono$y1$m3GC III 88$j180903$B180903$CSeMilBibl$Z2$F192750 $8B 941 1 $a3 961 $aLascito: Colombo Card. Giovanni 996 $6245$aFederico Ozanam :$bnel 150. anniversario della nascita$9(OLS)http://semarc/title/329390 996 $6260$a[Italia] :$bSegretariato Nazionale [della Società di San Vincenzo]$9(OLS)http://semarc/publisher/53804